00670nam a2200193Ia 4500001001000000003000500010008004100015010001100056040000900067100002800076245014100104260003700245300001000282502010200292650001600394650001800410650001500428710003300443Para_9033CHAP220125s2003 xx 000 0 und d a207811 cCHAP aBurgos Solorio, Armando aPlatypodidae y scolytidae (Coleoptera) de la reserva de la biosfera "Sierra de Huautla" Morelos, México /c por Armando Burgos Solorio aMontecillos, Méx. :b el autor a93 h. aTesis (Doctor en Ciencias). CP Instituto de Fitosanidad. Programa de Entomología y Acarología aColeopteros aPlatypodidae  aScolytidae aCP. Instituto de Fitosanidad